O soluço do sol (Record no. 15311)

MARC details
000 -LÍDER
campo de controle de tamanho fixo 00370 a2200169 4500
001 - NÚMERO DE CONTROLE
campo de controle 15311
020 ## - ISBN - INTERNATIONAL STANDARD BOOK NUMBER
ISBN - International Standard Book Number 9788506069998
040 ## - FONTE DA CATALOGAÇÃO
Instituição que transcreveu o registro Anchieta - Aquarius
100 ## - ENTRADA PRINCIPAL--NOME PESSOAL
Nome pessoal Irace, Pina
240 10 - TÍTULO UNIFORME
Título uniforme O soluço do sol
Idioma da obra por
245 10 - TÍTULO
Título O soluço do sol
300 ## - DESCRIÇÃO FÍSICA
Extensão 35
362 0# - DATAS DE PUBLICAÇÃO E/OU DESIGNAÇÃO SEQUENCIAL
Datas de publicação e/ou designação sequencial 2017
440 #1 - DECLARAÇÃO DE SÉRIE/ENTRADA ADICIONADA--TÍTULO
Título Melhoramentos
650 #4 - ASSUNTO--TERMO TÓPICO
Cabeçalho tópico ou nome geográfico Literatura infanto-juvenil
942 ## - ELEMENTOS DE ENTRADA ADICIONADOS (KOHA)
Tipo de material Koha Livros
Holdings
Situação do descarte Situação das perdas Situação física Não pode ser emprestado Biblioteca de origem Biblioteca atual Data de aquisição Total de empréstimos Número de chamada completo Código de barras Data de último acesso Data do último empréstimo Data do preço efetivo Tipo de material Koha
        Canadian School of Niterói - Piratininga Canadian School of Niterói - Piratininga 09/02/2024   IRA A13497 09/02/2024   09/02/2024 Livros
        Colégio São Paulo Colégio São Paulo 22/11/2023   LI 028.5 I651s 7265/CSP 22/11/2023   22/11/2023 Livros
        Colégio Anchieta - Aquarius Inspira 21/11/2023 1 028.5 IRA SOL 7478/AQU 21/11/2023 21/11/2023 21/11/2023 Livros